000 00792nam a2200265 4500
001 248497
003 DO-SdBNP
005 20180130145419.0
007 248497
008 890901s1982 sp 0 spa
016 7 _2BPMSU
020 _a8437603447
040 _aBPMSU
_bspa
_cBPMSU
100 1 _aGarmendia, Salvador
_d1928-2001
245 1 0 _aMemorias de Altagracia /
_cSalvador Garmendía ; edición de Óscar Rodríguez Ortiz
260 _aMadrid
_bCátedra
_cD.L. 1982
300 _a232 p.:
_c20 cm.
490 0 _aLetras Hispánicas
_v156
504 _aBibliografía: p. 35-38. Índice
700 1 _aRodríguez Ortiz, Óscar
_eed.
830 _pLetras Hispánicas
_v156
942 _2ddc
_cBK
945 _aInventariado, 2018 / BT
956 _aVMATEO
_210
_320151117
_6BPMSU
_800151
999 _c8779
_d8779